| 000 | 01826nam a2200265Ia 4500 | ||
|---|---|---|---|
| 999 |
_c36814 _d36814 |
||
| 001 | 2757 | ||
| 003 | GE_BSU | ||
| 005 | 20190607190358.0 | ||
| 008 | 181216s2012||||ge |||||||||||||| ||geo|| | ||
| 020 | _a9789941412875 | ||
| 040 | _cGE_BSU | ||
| 041 | _ageo | ||
| 080 | _a903.4(479.223) თ–15 | ||
| 100 |
_aთავამაიშვილი, გიორგი _92289 |
||
| 245 |
_aძველი სადგომები სამხრეთ-დასავლეთ საქართველოს ახალშავზღვურ ტერასაზე / _cგიორგი თავამაიშვილი ; რედ. ნინო ინაიშვილი ; შოთა რუსთაველის სახელმწ. უნ-ტი, ნიკო ბერძენიშვილის სამეცნ. ცენტრის ჰუმანიტ.-სოც. მიმართულება. |
||
| 300 |
_a209 გვ. : _bილ., _c20 სმ. |
||
| 490 |
_aსამხრეთ-დასავლეთ საქართველოს არქეოლოგიური ძეგლები-XXII, _xISSN 1987-8133 |
||
| 501 | _aტაბულები: გვ. 189-211. | ||
| 504 | _aბიბლიოგრ.: გვ. 158-188. | ||
| 520 | _aრეზ. რუს. და ინგლ. | ||
| 653 | _aპირველყოფილი დასახლებები სამხრეთ-დასავლეთ საქართველოში | ||
| 700 |
_aინაიშვილი, ნინო _eრედაქტორი _92290 |
||
| 710 |
_aშოთა რუსთაველის სახელმწ. უნ-ტი; _bნიკო ბერძენიშვილის სამეცნ. ცენტრი. _92291 |
||
| 942 |
_cBK _2udc |
||